Domov dôchodcov

Saved in:
Bibliographic Details
Main Author: Kolesár, Miroslav (Author)
Other Authors: Tomašovič, Peter (Thesis advisor)
Format: Manuscript Book
Language:Slovak
Published: 2015
Subjects:
Online Access:http://is.stuba.sk/zp/portal_zp.pl?podrobnosti=109717
https://opac.crzp.sk/?fn=detailBiblioForm&sid=78283B71680DBAF21B45D41D22D4
Tags: Add Tag
No Tags, Be the first to tag this record!

MARC

LEADER 00000ntm a22000003a 4500
001 stuzp50810
003 SK-STU
005 20230814113758.2
007 ta
008 150427s2015----xo-----f-mn---000-0-slo-d
040 |a STU  |b slo 
041 0 |a slo 
100 1 |a Kolesár, Miroslav  |u 010180  |4 aut  |U SvF Stavebná fakulta  |T SvF Katedra konštrukcií pozemných stavieb  |X 27868  |U V180  |Y 18  |7 A000027868 
242 0 1 |a Retirement home  |y eng 
245 1 0 |a Domov dôchodcov 
260 |c 2015 
650 4 |a Domov dôchodcov  |2 slo 
650 4 |a Belá nad Cirochou  |2 slo 
650 4 |a Heluz  |2 slo 
650 4 |a Retirement home  |2 eng 
650 4 |a Bela nad Cirochou  |2 eng 
650 4 |a Heluz  |2 eng 
700 1 |a Tomašovič, Peter  |4 ths  |X 657  |7 A000000657 
856 4 |u http://is.stuba.sk/zp/portal_zp.pl?podrobnosti=109717 
856 4 |u https://opac.crzp.sk/?fn=detailBiblioForm&sid=78283B71680DBAF21B45D41D22D4 
SQL |a stuzp50810  |b DDP  |c SLO  |d Domov dôchodcov  |e 27868  |f Kolesár, Miroslav  |g 010180  |h 657  |i Tomašovič, Peter  |j 20150618  |k 8  |l 01  |m http://is.stuba.sk/zp/portal_zp.pl?podrobnosti=109717  |n I-AKP  |o 5.1.4. pozemné stavby